000 00557nam a2200217Ia 4500
003 OSt
005 20220928144041.0
006 a|||||r|||| 00| 0
007 ta
008 220927b |||||||| |||| 00| 0 eng d
024 _a23777
037 _cTextual
040 _aSDCL
_cSDCL
_beng
041 _2eng
_aeng
082 _aG:424-5, M9
100 _aRao Salem S Ed.
_9506501
245 0 _aAcid stress and aquatic microbial interactions.
260 _c1989
942 _hG:424-5, M9
_cTEXL
_2CC
999 _c825707
_d825707